00564nam a22001937a 45000050016000000100014000160200026000300350013000560370013000690820010000821000018000922450050001102600045001602700078002053000027002835000040003106500017003507000003003672010080701051.0 aENG-98722 c270.00a9788190921398 aEN-82254 bDBAD/PUB a616.4 aArirudran, B. aText book of endocrinology /cby B. Arirudran aUrappakkambDarshinii Publicationsc2009 aNo. 6, 2nd Cross Street, Sumathi illam, Priya Nagar-1bUrappakkame603210 a294 p. c20 cm. (Pbk) aIncludes bibliographical references aEndocnnology